000 00954cam a2200325 4500
001 2166964
003 OSt
005 20251007145847.0
008 700725s1962 nyua 001 0 eng
010 _a 62014221
035 _a2166964
040 _aDLC
_cmust
_dDLC
050 0 0 _aTJ230
_b.P47 1962
082 0 0 _a621.815
100 1 _aPhelan, Richard M.
_919413
245 0 0 _aFundamentals of mechanical design.
250 _a2d ed.
260 _aNew York,
_bMcGraw-Hill
_c[1962]
300 _a571 p.
_billus.
_c24 cm.
336 _atext
_btxt
_2rdacontent
337 _aunmediated
_bn
_2rdamedia
338 _avolume
_bnc
_2rdacarrier
490 0 _aMcGraw-Hill series in mechanical engineering
650 0 _aMachine design.
_919414
650 0 _aMechanics, Applied.
_914152
740 0 _aMechanical design.
906 _a7
_bcbc
_corignew
_du
_encip
_f19
_gy-gencatlg
942 _2z
_cB_BANK
999 _c9537
_d9537